[Event "5"]
[Site "Emanuel Lasker Arena"]
[Date "2024.04.09"]
[Round "1"]
[White "Leuwe"]
[Black "Roberta Draper"]
[Result "1-0"]
[WhiteElo "2285"]
[BlackElo "1620"]
[Annotator "RC"]
[PlyCount "37"]
[EventDate "2024.04.09"]
[EventType "swiss (blitz)"]

1. c4 {[%emt 0:00:01]} g6 {[%emt 0:00:01]} 2. Nc3 {[%emt 0:00:01]} c5 {[%emt 0:00:01]} 3. g3 {[%emt 0:00:00]} Nf6 {[%emt 0:00:01]} 4. Nf3 {[%emt 0:00:01]} Nc6 {[%emt 0:00:01]} 5. Bg2 {[%emt 0:00:01]} Bg7 {[%emt 0:00:01]} 6. d4 {[%emt 0:00:01]} O-O {[%emt 0:00:01]} 7. dxc5 {[%emt 0:00:01]} Qa5 {[%emt 0:00:01]} 8. Qa4 {[%emt 0:00:01]} Nd4 {[%emt 0:00:03]} 9. Qxa5 {[%emt 0:00:00]} Nc2+ {[%emt 0:00:01]} 10. Kd2 {[%emt 0:00:01]} Nxa1 {[%emt 0:00:01]} 11. Nd4 {[%emt 0:00:04]} Ng4 {[%emt 0:00:04]} 12. Nd5 {[%emt 0:00:04]} Bxd4 {[%emt 0:00:01]} 13. Nxe7+ {[%emt 0:00:01]} Kh8 {[%emt 0:00:01]} 14. e3 {[%emt 0:00:04]} Ne5 {[%emt 0:00:04]} 15. b3 {[%emt 0:00:05]} Nxb3+ {[%emt 0:00:07]} 16. axb3 {[%emt 0:00:00]} Bxc5 {[%emt 0:00:01]} 17. Qxc5 {[%emt 0:00:01]} d6 {[%emt 0:00:03]} 18. Qxd6 {[%emt 0:00:00]} f6 {[%emt 0:00:02]} 19. Bb2 {[%emt 0:00:03] Roberta Draper resigns (Lag: Av=0.09s, max=0.6s)} 1-0

[Event "5"]
[Site "Emanuel Lasker Arena"]
[Date "2024.04.09"]
[Round "1"]
[White "Alicia"]
[Black "Josha Matin"]
[Result "0-1"]
[WhiteElo "2226"]
[BlackElo "2222"]
[Annotator "RC"]
[PlyCount "90"]
[EventDate "2024.04.09"]
[EventType "swiss (blitz)"]

1. e4 {[%emt 0:00:01]} c5 {[%emt 0:00:01]} 2. Nf3 {[%emt 0:00:01]} d6 {[%emt 0:00:01]} 3. d4 {[%emt 0:00:01]} cxd4 {[%emt 0:00:01]} 4. Nxd4 {[%emt 0:00:01]} Nf6 {[%emt 0:00:01]} 5. Nc3 {[%emt 0:00:01]} g6 {[%emt 0:00:01]} 6. Be3 {[%emt 0:00:01]} Bg7 {[%emt 0:00:01]} 7. Be2 {[%emt 0:00:01]} O-O {[%emt 0:00:01]} 8. h3 {[%emt 0:00:06]} Nc6 {[%emt 0:00:04]} 9. O-O {[%emt 0:00:01]} Bd7 {[%emt 0:00:01]} 10. Qd2 {[%emt 0:00:06]} a6 {[%emt 0:00:01]} 11. a4 {[%emt 0:00:01]} Qa5 {[%emt 0:00:00]} 12. f4 {[%emt 0:00:02]} Nxd4 {[%emt 0:00:02]} 13. Bxd4 {[%emt 0:00:01]} Nxe4 {[%emt 0:00:03]} 14. Qe3 {[%emt 0:00:03]} Bxd4 {[%emt 0:00:01]} 15. Qxd4 {[%emt 0:00:01]} Nxc3 {[%emt 0:00:03]} 16. bxc3 {[%emt 0:00:01]} Rac8 {[%emt 0:00:03]} 17. Bc4 {[%emt 0:00:03]} Qc5 {[%emt 0:00:03]} 18. Bb3 {[%emt 0:00:03]} Qxc3 {[%emt 0:00:03]} 19. Qd5 {[%emt 0:00:03]} b5 {[%emt 0:00:03]} 20. f5 {[%emt 0:00:02]} Bxf5 {[%emt 0:00:01]} 21. Qb7 {[%emt 0:00:01]} Bxc2 {[%emt 0:00:03]} 22. Bxc2 {[%emt 0:00:00]} Qe3+ {[%emt 0:00:01]} 23. Kh2 {[%emt 0:00:01]} Rc3 {[%emt 0:00:01]} 24. Be4 {[%emt 0:00:02]} Qg5 {[%emt 0:00:02]} 25. Bd5 {[%emt 0:00:02]} Rd3 {[%emt 0:00:02]} 26. Rfd1 {[%emt 0:00:02]} Qf4+ {[%emt 0:00:02]} 27. Kh1 {[%emt 0:00:01]} Rxd1+ {[%emt 0:00:01]} 28. Rxd1 {[%emt 0:00:01]} Qxa4 {[%emt 0:00:01]} 29. Rf1 {[%emt 0:00:01]} Qd4 {[%emt 0:00:02]} 30. g4 {[%emt 0:00:01]} e6 {[%emt 0:00:02]} 31. Be4 {[%emt 0:00:01]} a5 {[%emt 0:00:01]} 32. g5 {[%emt 0:00:01]} Qe3 {[%emt 0:00:01]} 33. Qxb5 {[%emt 0:00:01]} Qxe4+ {[%emt 0:00:01]} 34. Kh2 {[%emt 0:00:01]} a4 {[%emt 0:00:01]} 35. Qd7 {[%emt 0:00:01]} d5 {[%emt 0:00:01]} 36. Qe7 {[%emt 0:00:00]} Qe2+ {[%emt 0:00:01]} 37. Kg1 {[%emt 0:00:00]} a3 {[%emt 0:00:01]} 38. Qb4 {[%emt 0:00:00]} Qe3+ {[%emt 0:00:00]} 39. Kh2 {[%emt 0:00:00]} Rc8 {[%emt 0:00:01]} 40. Qh4 {[%emt 0:00:00]} a2 {[%emt 0:00:00]} 41. Qb4 {[%emt 0:00:01]} Rc2+ {[%emt 0:00:00]} 42. Kh1 {[%emt 0:00:01]} Qf3+ {[%emt 0:00:00]} 43. Rxf3 {[%emt 0:00:00]} a1=Q+ {[%emt 0:00:01]} 44. Qe1 {[%emt 0:00:00]} Qxe1+ {[%emt 0:00:00]} 45. Rf1 {[%emt 0:00:01]} Qxf1# {[%emt 0:00:00] (Lag: Av=0.06s, max=0.6s)} 0-1

[Event "5"]
[Site "Emanuel Lasker Arena"]
[Date "2024.04.09"]
[Round "1"]
[White "Toby Ziegler"]
[Black "Botwinzig"]
[Result "1-0"]
[WhiteElo "2064"]
[BlackElo "1810"]
[Annotator "NA RC"]
[PlyCount "87"]
[EventDate "2024.04.09"]
[EventType "swiss (blitz)"]

1. Nf3 {[%emt 0:00:01]} c5 {[%emt 0:00:02]} 2. g3 {[%emt 0:00:00]} d5 {[%emt 0:00:01]} 3. Bg2 {[%emt 0:00:01]} Nf6 {[%emt 0:00:01]} 4. c4 {[%emt 0:00:01]} e6 {[%emt 0:00:01]} 5. O-O {[%emt 0:00:01]} d4 {[%emt 0:00:01]} 6. b4 {[%emt 0:00:01]} cxb4 {[%emt 0:00:01]} 7. Bb2 {[%emt 0:00:01]} Nc6 {[%emt 0:00:01]} 8. e3 {[%emt 0:00:02]} d3 {[%emt 0:00:04]} 9. Ne5 {[%emt 0:00:01]} Nxe5 {[%emt 0:00:01]} 10. Bxe5 {[%emt 0:00:01]} Bc5 {[%emt 0:00:04]} 11. Qa4+ {[%emt 0:00:04]} Bd7 {[%emt 0:00:03]} 12. Qb3 {[%emt 0:00:04]} Ng4 {[%emt 0:00:04]} 13. f4 {[%emt 0:00:02]} Nxe5 {[%emt 0:00:01]} 14. fxe5 {[%emt 0:00:01]} Bc6 {[%emt 0:00:04]} 15. a3 {[%emt 0:00:03]} Bxg2 {[%emt 0:00:01]} 16. Kxg2 {[%emt 0:00:01]} a5 {[%emt 0:00:03]} 17. axb4 {[%emt 0:00:03]} Bxb4 {[%emt 0:00:01]} 18. Nc3 {[%emt 0:00:03]} O-O {[%emt 0:00:03]} 19. Ne4 {[%emt 0:00:03]} Rc8 {[%emt 0:00:02]} 20. c5 {[%emt 0:00:02]} Qd5 {[%emt 0:00:02]} 21. Qxd5 {[%emt 0:00:01]} exd5 {[%emt 0:00:00]} 22. Nd6 {[%emt 0:00:02]} Rxc5 {[%emt 0:00:01]} 23. Nxb7 {[%emt 0:00:00]} Rc2 {[%emt 0:00:02]} 24. Nxa5 {[%emt 0:00:01]} Bxd2 {[%emt 0:00:01]} 25. Kh3 {[%emt 0:00:02]} Bxe3 {[%emt 0:00:01]} 26. Rf3 {[%emt 0:00:02]} d4 {[%emt 0:00:02]} 27. Rd1 {[%emt 0:00:02]} Ra2 {[%emt 0:00:03]} 28. Rf6 {[%emt 0:00:02]} gxf6 {[%emt 0:00:01]} 29. Nc4 {[%emt 0:00:01]} Rc2 {[%emt 0:00:01]} 30. Nxe3 {[%emt 0:00:01]} dxe3 {[%emt 0:00:01]} 31. Rxd3 {[%emt 0:00:01]} fxe5 {[%emt 0:00:01]} 32. Rxe3 {[%emt 0:00:01]} Re8 {[%emt 0:00:01]} 33. Ra3 {[%emt 0:00:01]} Rd8 {[%emt 0:00:01]} 34. Ra6 {[%emt 0:00:01]} Rd1 {[%emt 0:00:01]} 35. Ra4 {[%emt 0:00:01]} Kg7 {[%emt 0:00:01]} 36. Rf4 {[%emt 0:00:01]} Ra2 {[%emt 0:00:01]} 37. Rg4+ {[%emt 0:00:01]} Kh8 {[%emt 0:00:00]} 38. Re4 {[%emt 0:00:01]} Kg7 {[%emt 0:00:01]} 39. Rxe5 {[%emt 0:00:01]} f6 {[%emt 0:00:01]} 40. Re7+ {[%emt 0:00:01]} Kg8 {[%emt 0:00:00]} 41. Re8+ {[%emt 0:00:00]} Kf7 {[%emt 0:00:00]} 42. Re2 {[%emt 0:00:00]} Rxe2 {[%emt 0:00:00]} 43. Kg4 {[%emt 0:00:00]} Rxh2 {[%emt 0:00:00] '} 44. Kf3 {[%emt 0:00:01] (Lag: Av=0.05s, max=0.2s)} 1-0

[Event "5"]
[Site "Emanuel Lasker Arena"]
[Date "2024.04.09"]
[Round "1"]
[White "Antonella"]
[Black "PinPointPro"]
[Result "0-1"]
[WhiteElo "2040"]
[BlackElo "1984"]
[Annotator "NA"]
[PlyCount "68"]
[EventDate "2024.04.09"]
[EventType "swiss (blitz)"]

1. d4 {[%emt 0:00:01]} Nf6 {[%emt 0:00:01]} 2. c4 {[%emt 0:00:01]} e6 {[%emt 0:00:01]} 3. Nc3 {[%emt 0:00:01]} Bb4 {[%emt 0:00:01]} 4. Qc2 {[%emt 0:00:01]} O-O {[%emt 0:00:01]} 5. a3 {[%emt 0:00:01]} Bxc3+ {[%emt 0:00:01]} 6. Qxc3 {[%emt 0:00:01]} d5 {[%emt 0:00:01]} 7. e3 {[%emt 0:00:01]} b6 {[%emt 0:00:04]} 8. cxd5 {[%emt 0:00:01]} exd5 {[%emt 0:00:01]} 9. Qc2 {[%emt 0:00:02]} Qd6 {[%emt 0:00:01]} 10. Be2 {[%emt 0:00:04]} c5 {[%emt 0:00:02]} 11. Nf3 {[%emt 0:00:08]} Nc6 {[%emt 0:00:03]} 12. O-O {[%emt 0:00:08]} c4 {[%emt 0:00:06]} 13. Bd2 {[%emt 0:00:03]} Ne4 {[%emt 0:00:03]} 14. Rac1 {[%emt 0:00:02]} Bg4 {[%emt 0:00:03]} 15. Ra1 {[%emt 0:00:02]} a5 {[%emt 0:00:03]} 16. h3 {[%emt 0:00:02]} Bh5 {[%emt 0:00:03]} 17. g4 {[%emt 0:00:02]} Bg6 {[%emt 0:00:02]} 18. Nh4 {[%emt 0:00:02]} Nxf2 {[%emt 0:00:02]} 19. e4 {[%emt 0:00:00]} Nxd4 {[%emt 0:00:02]} 20. Rxf2 {[%emt 0:00:01]} Nxc2 {[%emt 0:00:01]} 21. Nxg6 {[%emt 0:00:01]} fxg6 {[%emt 0:00:01]} 22. e5 {[%emt 0:00:02]} Qxe5 {[%emt 0:00:01]} 23. Bc3 {[%emt 0:00:01]} Qe3 {[%emt 0:00:01]} 24. Bxg7 {[%emt 0:00:01]} Qxf2+ {[%emt 0:00:01]} 25. Kh1 {[%emt 0:00:01]} Nxa1 {[%emt 0:00:01]} 26. Bxf8 {[%emt 0:00:00]} Qxe2 {[%emt 0:00:01]} 27. Bb4 {[%emt 0:00:01]} axb4 {[%emt 0:00:01]} 28. axb4 {[%emt 0:00:01]} Rf8 {[%emt 0:00:01]} 29. h4 {[%emt 0:00:01]} Rf2 {[%emt 0:00:01]} 30. b3 {[%emt 0:00:01]} c3 {[%emt 0:00:02]} 31. b5 {[%emt 0:00:01]} c2 {[%emt 0:00:01]} 32. Kg1 {[%emt 0:00:01]} d4 {[%emt 0:00:01]} 33. Kh1 {[%emt 0:00:01]} d3 {[%emt 0:00:01]} 34. Kg1 {[%emt 0:00:01]} c1=Q# {[%emt 0:00:00] (Lag: Av=0.05s, max=0.1s)} 0-1

[Event "5"]
[Site "Emanuel Lasker Arena"]
[Date "2024.04.09"]
[Round "1"]
[White "ArrowPlay"]
[Black "LiliBeth"]
[Result "1-0"]
[WhiteElo "2027"]
[BlackElo "1855"]
[Annotator "NA RC"]
[PlyCount "59"]
[EventDate "2024.04.09"]
[EventType "swiss (blitz)"]

1. c4 {[%emt 0:00:01]} e5 {[%emt 0:00:00]} 2. Nc3 {[%emt 0:00:01]} Nc6 {[%emt 0:00:01]} 3. Nf3 {[%emt 0:00:01]} Nf6 {[%emt 0:00:01]} 4. g3 {[%emt 0:00:01]} d5 {[%emt 0:00:01]} 5. cxd5 {[%emt 0:00:01]} Nxd5 {[%emt 0:00:01]} 6. Bg2 {[%emt 0:00:00]} Nb6 {[%emt 0:00:01]} 7. O-O {[%emt 0:00:01]} Be6 {[%emt 0:00:01]} 8. d4 {[%emt 0:00:01]} exd4 {[%emt 0:00:01]} 9. Ng5 {[%emt 0:00:01]} dxc3 {[%emt 0:00:01]} 10. Nxe6 {[%emt 0:00:03]} fxe6 {[%emt 0:00:01]} 11. Qc2 {[%emt 0:00:06]} Qf6 {[%emt 0:00:05]} 12. Rb1 {[%emt 0:00:04]} Nd4 {[%emt 0:00:04]} 13. Qe4 {[%emt 0:00:04]} c2 {[%emt 0:00:03]} 14. Ra1 {[%emt 0:00:01]} Nc4 {[%emt 0:00:03]} 15. Bf4 {[%emt 0:00:03]} e5 {[%emt 0:00:04]} 16. Qxb7 {[%emt 0:00:01]} Nxe2+ {[%emt 0:00:01]} 17. Kh1 {[%emt 0:00:00]} Nb6 {[%emt 0:00:03]} 18. Be3 {[%emt 0:00:03]} c5 {[%emt 0:00:01]} 19. a4 {[%emt 0:00:02]} Rd8 {[%emt 0:00:03]} 20. Rfe1 {[%emt 0:00:03]} c1=Q {[%emt 0:00:02]} 21. Bxc1 {[%emt 0:00:01]} Qxf2 {[%emt 0:00:00]} 22. Bg5 {[%emt 0:00:02]} Rd3 {[%emt 0:00:02]} 23. Rf1 {[%emt 0:00:02]} Qxf1+ {[%emt 0:00:01]} 24. Rxf1 {[%emt 0:00:01]} Nf4 {[%emt 0:00:01]} 25. gxf4 {[%emt 0:00:01]} Rd8 {[%emt 0:00:01]} 26. Bc6+ {[%emt 0:00:01]} Rd7 {[%emt 0:00:00]} 27. fxe5 {[%emt 0:00:01]} Be7 {[%emt 0:00:01]} 28. Qb8+ {[%emt 0:00:01]} Nc8 {[%emt 0:00:01]} 29. Qxc8+ {[%emt 0:00:01]} Bd8 {[%emt 0:00:01]} 30. Bxd7# {[%emt 0:00:01] (Lag: Av=0.05s, max=0.1s)} 1-0

[Event "5"]
[Site "Emanuel Lasker Arena"]
[Date "2024.04.09"]
[Round "1"]
[White "Local Hero"]
[Black "Dominatrix"]
[Result "0-1"]
[WhiteElo "1985"]
[BlackElo "1733"]
[Annotator "NA RC"]
[PlyCount "102"]
[EventDate "2024.04.09"]
[EventType "swiss (blitz)"]

1. e4 {[%emt 0:00:01]} e5 {[%emt 0:00:01]} 2. Nf3 {[%emt 0:00:01]} Nc6 {[%emt 0:00:01]} 3. Bb5 {[%emt 0:00:01]} a6 {[%emt 0:00:01]} 4. Ba4 {[%emt 0:00:01]} Nf6 {[%emt 0:00:01]} 5. O-O {[%emt 0:00:01]} Nxe4 {[%emt 0:00:01]} 6. d4 {[%emt 0:00:01]} b5 {[%emt 0:00:01]} 7. Bb3 {[%emt 0:00:01]} d5 {[%emt 0:00:04]} 8. dxe5 {[%emt 0:00:00]} Be6 {[%emt 0:00:00]} 9. Nbd2 {[%emt 0:00:01]} Nc5 {[%emt 0:00:01]} 10. c3 {[%emt 0:00:00]} d4 {[%emt 0:00:01]} 11. Bxe6 {[%emt 0:00:01]} Nxe6 {[%emt 0:00:01]} 12. cxd4 {[%emt 0:00:01]} Ncxd4 {[%emt 0:00:01]} 13. Ne4 {[%emt 0:00:02]} Be7 {[%emt 0:00:01]} 14. Be3 {[%emt 0:00:03]} Nf5 {[%emt 0:00:01]} 15. Qc2 {[%emt 0:00:04]} Nxe3 {[%emt 0:00:00]} 16. Qc6+ {[%emt 0:00:01]} Kf8 {[%emt 0:00:00]} 17. fxe3 {[%emt 0:00:01]} Qe8 {[%emt 0:00:02]} 18. Nfg5 {[%emt 0:00:03]} Qxc6 {[%emt 0:00:01]} 19. Rxf7+ {[%emt 0:00:01]} Ke8 {[%emt 0:00:01]} 20. Nxe6 {[%emt 0:00:03]} Kxf7 {[%emt 0:00:01]} 21. N4g5+ {[%emt 0:00:03]} Kg6 {[%emt 0:00:06]} 22. Nh3 {[%emt 0:00:03]} h5 {[%emt 0:00:02]} 23. Rd1 {[%emt 0:00:01]} Qc2 {[%emt 0:00:02]} 24. Nhf4+ {[%emt 0:00:03]} Kf7 {[%emt 0:00:02]} 25. Rf1 {[%emt 0:00:02]} g5 {[%emt 0:00:02]} 26. Nd4 {[%emt 0:00:02]} Qc4 {[%emt 0:00:02]} 27. Nxh5+ {[%emt 0:00:01]} Kg6 {[%emt 0:00:02]} 28. Nf6 {[%emt 0:00:02]} Qxa2 {[%emt 0:00:01]} 29. Nc6 {[%emt 0:00:02]} Bc5 {[%emt 0:00:01]} 30. Kh1 {[%emt 0:00:02]} Qxb2 {[%emt 0:00:01]} 31. e6 {[%emt 0:00:00]} Rxh2+ {[%emt 0:00:01]} 32. Kxh2 {[%emt 0:00:01]} Rg8 {[%emt 0:00:01]} 33. Ng4 {[%emt 0:00:01]} Bd6+ {[%emt 0:00:02]} 34. Kg1 {[%emt 0:00:01]} Qg7 {[%emt 0:00:01]} 35. Rf3 {[%emt 0:00:01]} Qb2 {[%emt 0:00:01]} 36. Rf1 {[%emt 0:00:01]} a5 {[%emt 0:00:01]} 37. Nxa5 {[%emt 0:00:01]} Rh8 {[%emt 0:00:01]} 38. e7 {[%emt 0:00:00]} Bxe7 {[%emt 0:00:01]} 39. g3 {[%emt 0:00:00]} Qe2 {[%emt 0:00:01]} 40. Nc6 {[%emt 0:00:00]} Rh2 {[%emt 0:00:01]} 41. Nxh2 {[%emt 0:00:01]} Qxe3+ {[%emt 0:00:01]} 42. Kh1 {[%emt 0:00:00]} Qe4+ {[%emt 0:00:01]} 43. Nf3 {[%emt 0:00:00]} Qxc6 {[%emt 0:00:00]} 44. Kh2 {[%emt 0:00:00]} Qe6 {[%emt 0:00:01]} 45. Re1 {[%emt 0:00:00]} Qa2+ {[%emt 0:00:01]} 46. Kh3 {[%emt 0:00:01]} Qf2 {[%emt 0:00:01]} 47. Rxe7 {[%emt 0:00:00]} Qxf3 {[%emt 0:00:00]} 48. Kh2 {[%emt 0:00:01]} Kh5 {[%emt 0:00:00]} 49. Rxc7 {[%emt 0:00:00]} Kg4 {[%emt 0:00:01]} 50. Re7 {[%emt 0:00:00]} Qxg3+ {[%emt 0:00:00]} 51. Kh1 {[%emt 0:00:01]} Kh3 {[%emt 0:00:00]} 0-1

[Event "5"]
[Site "Emanuel Lasker Arena"]
[Date "2024.04.09"]
[Round "1"]
[White "RCFlyer"]
[Black "Swindler"]
[Result "1/2-1/2"]
[WhiteElo "1980"]
[BlackElo "2226"]
[Annotator "RC"]
[PlyCount "115"]
[EventDate "2024.04.09"]
[EventType "swiss (blitz)"]

1. e4 {[%emt 0:00:01]} c5 {[%emt 0:00:01]} 2. Nf3 {[%emt 0:00:01]} d6 {[%emt 0:00:01]} 3. d4 {[%emt 0:00:01]} cxd4 {[%emt 0:00:01]} 4. Nxd4 {[%emt 0:00:01]} Nf6 {[%emt 0:00:01]} 5. Nc3 {[%emt 0:00:01]} a6 {[%emt 0:00:01]} 6. Bg5 {[%emt 0:00:01]} e6 {[%emt 0:00:01]} 7. f4 {[%emt 0:00:01]} Qb6 {[%emt 0:00:01]} 8. Qd2 {[%emt 0:00:01]} Qxb2 {[%emt 0:00:01]} 9. Rb1 {[%emt 0:00:01]} Qa3 {[%emt 0:00:01]} 10. Bxf6 {[%emt 0:00:01]} gxf6 {[%emt 0:00:01]} 11. Be2 {[%emt 0:00:01]} Be7 {[%emt 0:00:01]} 12. f5 {[%emt 0:00:01]} Nc6 {[%emt 0:00:01]} 13. fxe6 {[%emt 0:00:05]} fxe6 {[%emt 0:00:01]} 14. Rb3 {[%emt 0:00:02]} Qa5 {[%emt 0:00:05]} 15. O-O {[%emt 0:00:03]} Qc5 {[%emt 0:00:08]} 16. Rd1 {[%emt 0:00:01]} Nxd4 {[%emt 0:00:01]} 17. Qxd4 {[%emt 0:00:01]} Qxd4+ {[%emt 0:00:01]} 18. Rxd4 {[%emt 0:00:01]} h5 {[%emt 0:00:03]} 19. Rb6 {[%emt 0:00:03]} h4 {[%emt 0:00:03]} 20. e5 {[%emt 0:00:03]} d5 {[%emt 0:00:01]} 21. exf6 {[%emt 0:00:03]} Bxf6 {[%emt 0:00:01]} 22. Rd3 {[%emt 0:00:01]} Bd7 {[%emt 0:00:03]} 23. Bh5+ {[%emt 0:00:01]} Rxh5 {[%emt 0:00:01]} 24. Nxd5 {[%emt 0:00:01]} Rxd5 {[%emt 0:00:01]} 25. Rxd5 {[%emt 0:00:01]} exd5 {[%emt 0:00:01]} 26. Rxf6 {[%emt 0:00:01]} Ke7 {[%emt 0:00:02]} 27. c4 {[%emt 0:00:02]} Kxf6 {[%emt 0:00:01]} 28. cxd5 {[%emt 0:00:01]} Rg8 {[%emt 0:00:02]} 29. d6 {[%emt 0:00:02]} Bc6 {[%emt 0:00:01]} 30. g4 {[%emt 0:00:02]} Ke6 {[%emt 0:00:01]} 31. h3 {[%emt 0:00:01]} Kd7 {[%emt 0:00:01]} 32. a3 {[%emt 0:00:01]} Be4 {[%emt 0:00:01]} 33. a4 {[%emt 0:00:01]} Kxd6 {[%emt 0:00:01]} 34. a5 {[%emt 0:00:01]} Rb8 {[%emt 0:00:01]} 35. g5 {[%emt 0:00:01]} Rg8 {[%emt 0:00:01]} 36. Kf1 {[%emt 0:00:01]} Ke5 {[%emt 0:00:00]} 37. Ke2 {[%emt 0:00:01]} Rxg5 {[%emt 0:00:01]} 38. Kd2 {[%emt 0:00:01]} Kd4 {[%emt 0:00:01]} 39. Ke2 {[%emt 0:00:01]} Rb5 {[%emt 0:00:01]} 40. Kd2 {[%emt 0:00:01]} Rxa5 {[%emt 0:00:01]} 41. Kc1 {[%emt 0:00:01]} Kc3 {[%emt 0:00:01]} 42. Kd1 {[%emt 0:00:01]} Rd5+ {[%emt 0:00:01]} 43. Kc1 {[%emt 0:00:01]} Rg5 {[%emt 0:00:01]} 44. Kd1 {[%emt 0:00:01]} Rd5+ {[%emt 0:00:01]} 45. Ke1 {[%emt 0:00:01]} b5 {[%emt 0:00:00]} 46. Ke2 {[%emt 0:00:00]} Rd2+ {[%emt 0:00:00]} 47. Ke3 {[%emt 0:00:00]} Bf5 {[%emt 0:00:00]} 48. Kf4 {[%emt 0:00:00]} Be6 {[%emt 0:00:01]} 49. Ke5 {[%emt 0:00:00]} Bxh3 {[%emt 0:00:00]} 50. Ke4 {[%emt 0:00:00]} b4 {[%emt 0:00:01]} 51. Ke3 {[%emt 0:00:00]} b3 {[%emt 0:00:01]} 52. Kf4 {[%emt 0:00:01]} Re2 {[%emt 0:00:00]} 53. Kf3 {[%emt 0:00:00]} Kd3 {[%emt 0:00:01]} 54. Kf4 {[%emt 0:00:00]} Be6 {[%emt 0:00:01]} 55. Kg5 {[%emt 0:00:00]} h3 {[%emt 0:00:00]} 56. Kf4 {[%emt 0:00:00]} Bd5 {[%emt 0:00:00]} 57. Kf5 {[%emt 0:00:01]} b2 {[%emt 0:00:01] '} 58. Kg4 {[%emt 0:00:00] (Lag: Av=0.06s, max=0.5s)} 1/2-1/2

[Event "5"]
[Site "Emanuel Lasker Arena"]
[Date "2024.04.09"]
[Round "1"]
[White "Daenerys"]
[Black "Jamie Fraser"]
[Result "0-1"]
[WhiteElo "1925"]
[BlackElo "2119"]
[Annotator "RC"]
[PlyCount "34"]
[EventDate "2024.04.09"]
[EventType "swiss (blitz)"]

1. e4 {[%emt 0:00:01]} e5 {[%emt 0:00:01]} 2. f4 {[%emt 0:00:02]} Bc5 {[%emt 0:00:01]} 3. Nf3 {[%emt 0:00:01]} d6 {[%emt 0:00:01]} 4. c3 {[%emt 0:00:01]} Bb6 {[%emt 0:00:01]} 5. d4 {[%emt 0:00:01]} Nf6 {[%emt 0:00:01]} 6. dxe5 {[%emt 0:00:01]} Ng4 {[%emt 0:00:01]} 7. h3 {[%emt 0:00:05]} h5 {[%emt 0:00:02]} 8. hxg4 {[%emt 0:00:01]} Bxg4 {[%emt 0:00:01]} 9. exd6 {[%emt 0:00:00]} O-O {[%emt 0:00:05]} 10. e5 {[%emt 0:00:04]} Nc6 {[%emt 0:00:06]} 11. Bc4 {[%emt 0:00:04]} cxd6 {[%emt 0:00:01]} 12. Qxd6 {[%emt 0:00:01]} Qe8 {[%emt 0:00:03]} 13. f5 {[%emt 0:00:04]} Rd8 {[%emt 0:00:03]} 14. Nh2 {[%emt 0:00:04]} Qxe5+ {[%emt 0:00:01]} 15. Kf1 {[%emt 0:00:01]} Rxd6 {[%emt 0:00:01]} 16. Nd2 {[%emt 0:00:02]} Re8 {[%emt 0:00:01]} 17. Nhf3 {[%emt 0:00:02]} Qe3 {[%emt 0:00:02] Daenerys resigns (Lag: Av=0.06s, max=0.3s)} 0-1

[Event "5"]
[Site "Emanuel Lasker Arena"]
[Date "2024.04.09"]
[Round "1"]
[White "Copacablanca"]
[Black "Sauerbruch"]
[Result "1-0"]
[WhiteElo "1922"]
[BlackElo "1620"]
[Annotator "NA RC"]
[PlyCount "27"]
[EventDate "2024.04.09"]
[EventType "swiss (blitz)"]

1. d4 {[%emt 0:00:01]} f5 {[%emt 0:00:01]} 2. Bg5 {[%emt 0:00:01]} g6 {[%emt 0:00:01]} 3. Nd2 {[%emt 0:00:04]} Bg7 {[%emt 0:00:04]} 4. e4 {[%emt 0:00:01]} Bxd4 {[%emt 0:00:01]} 5. c3 {[%emt 0:00:01]} e5 {[%emt 0:00:01]} 6. Bxd8 {[%emt 0:00:01]} Bxf2+ {[%emt 0:00:02]} 7. Kxf2 {[%emt 0:00:01]} Kxd8 {[%emt 0:00:01]} 8. Bd3 {[%emt 0:00:08]} d5 {[%emt 0:00:04]} 9. exf5 {[%emt 0:00:04]} gxf5 {[%emt 0:00:01]} 10. Nc4 {[%emt 0:00:03]} Nc6 {[%emt 0:00:01]} 11. Bxf5 {[%emt 0:00:03]} Bxf5 {[%emt 0:00:01]} 12. Qxd5+ {[%emt 0:00:01]} Kc8 {[%emt 0:00:03]} 13. Nf3 {[%emt 0:00:02]} Nf6 {[%emt 0:00:04]} 14. Qf7 {[%emt 0:00:02] Sauerbruch resigns (Lag: Av=0.08s, max=0.3s)} 1-0

[Event "5"]
[Site "Emanuel Lasker Arena"]
[Date "2024.04.09"]
[Round "1"]
[White "Zimtowitch"]
[Black "Bauernklopper"]
[Result "1-0"]
[WhiteElo "1896"]
[BlackElo "1620"]
[Annotator "NA RC"]
[PlyCount "87"]
[EventDate "2024.04.09"]
[EventType "swiss (blitz)"]

1. c4 {[%emt 0:00:01]} c5 {[%emt 0:00:01]} 2. Nf3 {[%emt 0:00:01]} Nf6 {[%emt 0:00:00]} 3. g3 {[%emt 0:00:01]} d5 {[%emt 0:00:01]} 4. Bg2 {[%emt 0:00:01]} Nc6 {[%emt 0:00:00]} 5. cxd5 {[%emt 0:00:01]} Nxd5 {[%emt 0:00:01]} 6. Nc3 {[%emt 0:00:04]} g6 {[%emt 0:00:04]} 7. Ne5 {[%emt 0:00:01]} Nxe5 {[%emt 0:00:02]} 8. Nxd5 {[%emt 0:00:01]} Bd7 {[%emt 0:00:02]} 9. O-O {[%emt 0:00:02]} e6 {[%emt 0:00:02]} 10. Nf4 {[%emt 0:00:03]} Bc6 {[%emt 0:00:04]} 11. d3 {[%emt 0:00:03]} Qd4 {[%emt 0:00:04]} 12. Bd2 {[%emt 0:00:03]} Qxb2 {[%emt 0:00:03]} 13. Rb1 {[%emt 0:00:03]} Qd4 {[%emt 0:00:01]} 14. Qb3 {[%emt 0:00:03]} Bd6 {[%emt 0:00:03]} 15. Bc3 {[%emt 0:00:03]} Qa4 {[%emt 0:00:03]} 16. d4 {[%emt 0:00:04]} Qxb3 {[%emt 0:00:02]} 17. Rxb3 {[%emt 0:00:01]} cxd4 {[%emt 0:00:01]} 18. Bxd4 {[%emt 0:00:01]} Bxg2 {[%emt 0:00:02]} 19. Kxg2 {[%emt 0:00:01]} a5 {[%emt 0:00:02]} 20. Rxb7 {[%emt 0:00:02]} Rb8 {[%emt 0:00:02]} 21. Rfb1 {[%emt 0:00:02]} Rxb7 {[%emt 0:00:02]} 22. Rxb7 {[%emt 0:00:01]} O-O {[%emt 0:00:02]} 23. Bc3 {[%emt 0:00:02]} Rc8 {[%emt 0:00:01]} 24. Bxa5 {[%emt 0:00:01]} Rc2 {[%emt 0:00:01]} 25. a4 {[%emt 0:00:01]} Ra2 {[%emt 0:00:02]} 26. Bd8 {[%emt 0:00:03]} Rxa4 {[%emt 0:00:01]} 27. Bg5 {[%emt 0:00:02]} Rb4 {[%emt 0:00:01]} 28. e4 {[%emt 0:00:02]} Rxb7 {[%emt 0:00:01]} 29. Bf6 {[%emt 0:00:00]} Nc6 {[%emt 0:00:01]} 30. Nh3 {[%emt 0:00:01]} Be7 {[%emt 0:00:01]} 31. e5 {[%emt 0:00:00]} Bxf6 {[%emt 0:00:01]} 32. exf6 {[%emt 0:00:00]} Rb5 {[%emt 0:00:00]} 33. g4 {[%emt 0:00:00]} Rd5 {[%emt 0:00:00]} 34. f4 {[%emt 0:00:00]} h5 {[%emt 0:00:01]} 35. gxh5 {[%emt 0:00:00]} Rxh5 {[%emt 0:00:00]} 36. Ng5 {[%emt 0:00:00]} Nd4 {[%emt 0:00:01]} 37. Kf2 {[%emt 0:00:00]} Nf5 {[%emt 0:00:01]} 38. Kg2 {[%emt 0:00:00]} Rh4 {[%emt 0:00:00]} 39. Nh3 {[%emt 0:00:00]} Kf8 {[%emt 0:00:01]} 40. Ng5 {[%emt 0:00:00]} Rxf4 {[%emt 0:00:00]} 41. h3 {[%emt 0:00:00]} Nd4 {[%emt 0:00:00]} 42. Kg3 {[%emt 0:00:00]} Rxf6 {[%emt 0:00:00]} 43. Nh7+ {[%emt 0:00:01]} Ke7 {[%emt 0:00:01] '} 44. Nxf6 {[%emt 0:00:00] (Lag: Av=0.07s, max=0.6s)} 1-0